| 000 | 01100nam a22002537a 4500 | ||
|---|---|---|---|
| 005 | 20170124103030.0 | ||
| 010 | _aA-908471 | ||
| 020 |
_c150.00 _a8171500099 |
||
| 035 | _aA-908471 | ||
| 037 | _bCen Lib/Ret | ||
| 040 |
_aDPL _bHN |
||
| 082 |
_aक _bविक्रम |
||
| 100 |
_aविक्रम, नंद किशोर _946872 |
||
| 245 |
_aमुमताज़ मुफ़्ती और उनकी श्रेष्ठ कहानियां / _cनंद किशोर विक्रम |
||
| 246 |
_aMumtaz mufti or unki shresth kahaniyan / _bby Nand Kishor Vikaram |
||
| 260 |
_aदिल्ली _bइंद्रप्रस्थ प्रकाशन _c1998 |
||
| 270 |
_bदिल्ली _aके-71, कृष्ण नगर, _e110051 |
||
| 300 |
_a160पृ. _c19सेमी (सजिल्द) |
||
| 650 |
_aहिंदी साहित्य _963626 |
||
| 650 |
_aहिंदी कहानियां _92082 |
||
| 650 |
_aHindi literature _963627 |
||
| 650 |
_aHindi stories _963628 |
||
| 942 |
_2ddc _cHN _hक _mविक्रम |
||
| 999 |
_c115868 _d115868 |
||